Pierwiastki - matematyka - Statystyki

Ogólne statystyki
  • Ten quiz został rozwiązany 419 razy
    220 od ostatniego zresetowania
  • Średni wynik to 12 z 15
Statystyki odpowiedzi
Odpowiedż % Poprawnych
√121 11
99%
√4 2
99%
√9 3
99%
√16 4
99%
√36 6
99%
√49 7
99%
√81 9
99%
√100 10
98%
√25 5
98%
√64 8
98%
√256 16
94%
√225 15
93%
2√6 √24
4%
4√3 √48
4%
7√2 √98
4%
Nie znaleziono quizów pasujących do podanych kryteriów
Rozkład punktacji
Procent ludzi z każdym wynikiem
Percentyl według liczby udzielonych odpowiedzi
Twoja historia wyników
Nie rozwiązałeś tego quizu od ostatniego zresetowania